| 000 | 01130nam a22002897a 4500 | ||
|---|---|---|---|
| 005 | 20110919100552.0 | ||
| 008 | 110919t xxu||||| |||| 00| 0 eng d | ||
| 010 | _aENG-103704 | ||
| 020 |
_a9788192203003 _c125.00 |
||
| 035 | _aEN-87237 | ||
| 037 | _bDBAD/PUB | ||
| 040 |
_aDPL _bEng |
||
| 082 | _a006.3 | ||
| 100 |
_934730 _aRaman Nair, R. |
||
| 245 |
_aSanskrit informatics : _cby R. Raman Nair [and] Sulochana Devi _binformatics for Sanskrit studies and research / |
||
| 260 |
_aTrivandrum _bCentre for Informatics Research and Development _c2011 |
||
| 270 |
_aPublications Division, A4, Ganga Nagar _bTrivandrum _e43 |
||
| 300 |
_a152p. : _c23cm (pbk) _bill. |
||
| 500 | _aIncludes bibliographical references and index | ||
| 650 |
_aSanskrit _934754 |
||
| 650 |
_aInformatics _934755 |
||
| 650 |
_aComputers _934756 |
||
| 650 |
_aInformation technology _934757 |
||
| 700 |
_934731 _aSulochana Devi, L. |
||
| 942 |
_2ddc _cEN _mRAM _h006.3 |
||
| 999 |
_c56662 _d56662 |
||